000 00374nam a2200145Ia 4500
008 231129s2000||||xx |||||||||||||| ||spa||
020 _a84-01-54139-5
040 _bspa
082 _a004.6 G259n
100 _aGates Bill
245 0 _aLos negocios en la era digital
260 _c2000
264 _aPlaza y Janes
942 _2ddc
_cBKS
999 _c19869
_d19869